000 00645nam a22002297a 4500
001 8604
003 FISKH
005 20251002140948.0
008 251002b cb ||||| |||| 00| 0 eng d
020 _a9780603572531
040 _aFISKH
_beng
_cFISKH
_dFISKH
082 _a823.914
100 _aHargreaves, Roger
245 _aHere comes Mr. Bump /
_cRoger Hargreaves
260 _aLondon :
_bEgmont,
_c2016.
300 _a10 unnumbered pages :
_bcolor illustrations ;
_c14 cm
505 _aNP
520 _aWatch out, watch out -Mr. Bump is about!
650 _aEnglish
_vFiction
_xLittle Books
942 _2ddc
_cBK
_n0
999 _c8604
_d8604